000
00264nam a22001097a 4500
082
_a
621.391 ARD'D
100
_a
ARDEN, BRUCE W
_9
56899
245
_a
DIGITAL COMPUTING AN INTRODUCTION
260
_a
LONDON
_b
ADDISON WESLEY
_c
1963
300
_a
IX, 389P
942
_c
BK
999
_c
567223
_d
567223